Psicología humanística, animación sociocultural y problemas sociales
Guardat en:
| Autor principal: | |
|---|---|
| Format: | Llibre |
| Idioma: | espanyol |
| Publicat: |
Madrid
Popular
1988
|
| Col·lecció: | Promoción cultural, 6
|
| Matèries: | |
| Etiquetes: |
Afegir etiqueta
Sense etiquetes, Sigues el primer a etiquetar aquest registre!
|
MARC
| LEADER | 00000nam a2200000 a 4500 | ||
|---|---|---|---|
| 001 | UCW5325 | ||
| 003 | CL-VaPUC | ||
| 008 | 910403e19880000SP |||||||||||||||||spa|d | ||
| 082 | 0 | 4 | |a 150.19 |b MAR |2 21 |
| 100 | |a Martín González, Antonio |e autor |9 331764 | ||
| 245 | 1 | 0 | |a Psicología humanística, animación sociocultural y problemas sociales |
| 300 | |a 134 p | ||
| 942 | |c BK | ||
| 945 | |d 19910403 00:00:00 | ||
| 260 | |a Madrid |b Popular |c 1988 | ||
| 650 | 7 | |a PSICOLOGIA HUMANISTICA |2 CL-VaPUC |9 307721 | |
| 650 | 0 | |a Animación cultural |9 310162 | |
| 650 | 0 | |a Problemas sociales |9 258537 | |
| 583 | |a last modification |c 19910403 00:00:00 |k Rodrigo Vera | ||
| 490 | 0 | |a Promoción cultural, 6 | |
| 999 | |c 218789 |d 218787 | ||
| 952 | |0 0 |1 0 |4 0 |6 150_190000000000000_MAR_1988 |7 0 |8 A |9 208923 |a BIBEDU |b BIBEDU |d 2019-11-15 |i 2767228 |o 150.19 MAR 1988 |p 2767228 |r 2019-11-15 |w 2019-11-15 |y BK |k EDU | ||
| 952 | |0 0 |1 0 |4 0 |6 150_190000000000000_MAR_1988 |7 0 |8 A |9 208924 |a BIBEDU |b BIBEDU |d 2019-11-15 |i 2767236 |o 150.19 MAR 1988 |p 2767236 |r 2019-11-15 |w 2019-11-15 |y BK |k EDU | ||